Culture Générale - Série 2590 - Statistiques

Statistiques générales
  • Ce quiz a été pris 115 fois
  • Le résultat moyen est 5 sur 10
Statistiques - réponses
Question Réponse % Correct
Complétez l'expression : "Pleurer comme une ..... : indice : Proust madeleine
95%
De quel pays Ljubljana est-elle la capitale ? Slovénie
81%
Quelle est sa nationalité ? suisse
79%
Chez l'homme, quelle protéine entre dans la composition des ongles, poils et cheveux ? On la trouve aussi dans la peau, ce qui la rend imperméable. kératine
73%
Dans quel département se trouve la ville de Narbonne ? Aude
53%
Quel est le département le moins peuplé de France ? Lozère
53%
Qui a créé "La Croix rouge" en 1863 ? prénom et nom Henry Dunant
24%
Quelle rivière arrose Munich ? Isar
17%
Quel était l'instrument de musique fétiche d'Astor Piazzolla (1921-1992) ? bandonéon
14%
Complétez le titre de la chanson de Dalida : "Il pleut sur ... Bruxelles
5%
Aucun quiz correspondant
Distribution des résultats
% des personnes avec chaque résultat
Percentile par nombre de réponses
Votre historique - résultats
Vous n’avez pas pris ce quiz